| 000 | 01923cam a22001931 4500 | ||
|---|---|---|---|
| 082 |
_a671.33 _bFPJ _cL-24, P-10 |
||
| 100 |
_aJohnson, carl G _944964 |
||
| 245 | 0 | 0 |
_aForging practice; _cEditor-in-chief, Howard Monroe Raymond, assisted by a corps of mechanical engineers, designers, and specialists in shop methods and management. |
| 250 | _aRev. ed., | ||
| 260 |
_aChicago, _bAmerican technical society, _c1944. |
||
| 300 |
_avii, 136 p. _bfronts., illus., diagrs. _c22 cm. |
||
| 505 | 0 | _av. 1. Machine shop work, by F. W. Turner and O. E. Perrigo; revised by Aldrick Bertrand. Modern manufacturing, by H. P. Fairfield and H. W. Dows; revised by Aldrick Bertrand. Machine shop management, by O. E. Perrigo.--v. 2. Pattern making, by James Ritchey; revised by W. W. Monroe, C. W. Beese and P. R. Hall. Practical physics, by G. M. Hobbs. Air tools, by John Oliphant. Slide rule, by W. T. Breckenridge.--v. 3. Foundry work, by W. C. Stimpson and B. L. Gray; revised by John Grennan. Forging practice, by C. G. Johnson.--v. 4. Tool making, by C. B. Cole. Tool design, by C. B. Cole. Dies and sheetmetal stamping, by F. W. Curtis.--v. 5. Metallurgy, by C. G. Johnson, R. S. Dean and J. L. Gregg. Oxyacetylene welding, by R. J. Kehl; revised by M. H. Potter. Electric welding, by M. H. Potter.--v. 6. Blueprint reading, by R. H. Fortman and James McKinney. Practical mathematics, by G. M. Hobbs. Logarithms. Trigonometry, by N. R. George; revised by C. W. Leigh.--v. 7. Mechanical drawing, by Ervin Kenison, T. C. Plumridge and James McKinney. Machine drawing, by C. L. Griffin and R. H. Fortman.--v. 8. Mechanism, by W. H. James and L. S. Smith. Machine design, by S. E. Winston. General index. | |
| 526 |
_a0 _b0 _c0 _d671_330000000000000_FPJ |
||
| 650 | 0 |
_aMachine-shop practice. _936237 |
|
| 650 | 0 |
_aMCE _9379 |
|
| 700 | 1 |
_aRaymond, Howard Monroe, _944965 |
|
| 710 | 2 |
_aAmerican Technical Society. _944350 |
|
| 942 |
_2ddc _cBK |
||
| 999 |
_c548604 _d548604 |
||